[Event "St. Pauli Open - B"]
[Site "Hamburg"]
[Date "2011.07.11"]
[Round "3.40"]
[White "Kalauch, Johannes"]
[Black "Bangert, Rüdiger"]
[Result "1/2-1/2"]
[WhiteElo "1256"]
[BlackElo "1694"]
[PlyCount "83"]
[EventDate "2011.??.??"]
[WhiteTeam "SK Marmstorf GW Harburg"]

1. c4 Nf6 2. g3 g6 3. Bg2 Bg7 4. Nc3 O-O 5. Nf3 d6 6. O-O Nc6 7. d4 Bf5 8. d5
Nb4 9. Nd4 Bd7 10. a3 Na6 11. Re1 Rc8 12. b4 c5 13. bxc5 Nxc5 14. Rb1 a6 15. e4
e5 16. Nb3 Ba4 17. Nxa4 Nxa4 18. Nd2 Nc5 19. Qe2 Rc7 20. Nb3 Na4 21. Bd2 Qc8
22. Rec1 Re8 23. Be3 Qg4 24. f3 Qc8 25. Nd2 Nd7 26. Bh3 Qb8 27. Rb4 Nac5 28.
Nb3 Nxb3 29. Rxb3 Nc5 30. Bxc5 Rxc5 31. Rb6 Re7 32. Rcb1 Rec7 33. Bf1 Bf8 34.
R1b3 Qa7 35. Kg2 Rxc4 36. Qxc4 Rxc4 37. Bxc4 Kg7 38. Rxb7 Qd4 39. Bxa6 Qd2+ 40.
Kh3 Qh6+ 41. Kg2 Qd2+ 42. Kh3 1/2-1/2

[Event "St. Pauli Open - B"]
[Site "Hamburg"]
[Date "2011.07.11"]
[Round "3.41"]
[White "Lange, Anika"]
[Black "Niedwetzki, Jan Daniel"]
[Result "1-0"]
[WhiteElo "1627"]
[BlackElo "1257"]
[PlyCount "105"]
[EventDate "2011.??.??"]
[WhiteTeam "SK Delmenhorst"]
[BlackTeam "SC Diogenes eV"]

1. d4 Nf6 2. Nf3 g6 3. e3 Bg7 4. b4 O-O 5. c4 a5 6. b5 c5 7. Bb2 cxd4 8. exd4
d6 9. Be2 Bg4 10. O-O Qd7 11. a4 Rc8 12. Nbd2 Kh8 13. Rc1 Qe8 14. h3 Bxf3 15.
Bxf3 Rc7 16. Re1 h5 17. Nb3 Qc8 18. Qd3 e6 19. Ba3 d5 20. Bd6 Rd7 21. cxd5 Qd8
22. Be5 Nxd5 23. Bxg7+ Kxg7 24. Bxd5 Rxd5 25. Qc3 b6 26. Qc7 Rd6 27. Qxd8 Rxd8
28. Rc7 Rd7 29. Rec1 Ra7 30. Rc8 Rdb7 31. d5 exd5 32. Nd4 Kf6 33. f4 Ke7 34.
Rxb8 Rxb8 35. Nc6+ Kd7 36. Nxb8+ Ke6 37. Kf2 Rb7 38. Nc6 Kf5 39. Ke3 Kf6 40.
Rd1 Rd7 41. g4 hxg4 42. hxg4 g5 43. Rf1 gxf4+ 44. Rxf4+ Kg5 45. Rf5+ Kh6 46.
Kd4 Rd6 47. Rxf7 Kg5 48. Rf5+ Kxg4 49. Rxd5 Rf6 50. Ke5 Rf5+ 51. Kd6 Rf6+ 52.
Kc7 Rf4 53. Rd4 1-0

[Event "St. Pauli Open - B"]
[Site "Hamburg"]
[Date "2011.07.11"]
[Round "3.42"]
[White "Bauer, Matthias"]
[Black "Gorbach, Mark"]
[Result "0-1"]
[WhiteElo "1621"]
[BlackElo "1197"]
[PlyCount "82"]
[EventDate "2011.??.??"]
[WhiteTeam "Schachverein Günnigfeld 1922 e.V"]
[BlackTeam "KSV Rochade Göttingen"]

1. c4 e6 2. Nc3 d5 3. d4 f5 4. Nf3 Nf6 5. cxd5 exd5 6. g3 Be6 7. Bg2 Nbd7 8.
O-O c6 9. Qc2 Ne4 10. Nxe4 fxe4 11. Bg5 Be7 12. Bxe7 Qxe7 13. Nd2 O-O 14. e3
Bg4 15. Nb3 Rf6 16. Nc5 Nxc5 17. Qxc5 Qxc5 18. dxc5 Raf8 19. Rae1 Bc8 20. Rc1
b6 21. cxb6 axb6 22. Rc2 Ba6 23. Rfc1 Bd3 24. Rxc6 Rxf2 25. Rxb6 Rd2 26. Bf1
Rff2 27. Rc8+ Kf7 28. Rc7+ Kg8 29. Rc8+ Kf7 30. Rc7+ Kg8 31. Bh3 h6 32. Rbb7
Rf3 33. Be6+ Kh8 34. Rb8+ Kh7 35. Rc1 Rff2 36. Bh3 Kg6 37. Rc6+ Kh5 38. Rc1
Rxh2 39. Bf1 Bxf1 40. a4 Ba6 41. b4 Rdg2# 0-1

[Event "St. Pauli Open - B"]
[Site "Hamburg"]
[Date "2011.07.11"]
[Round "3.43"]
[White "Kaußmann, Jean-David"]
[Black "Becker, Roland"]
[Result "0-1"]
[WhiteElo "1420"]
[BlackElo "1568"]
[PlyCount "110"]
[EventDate "2011.??.??"]
[WhiteTeam "FC ST.Pauli 1910 eV SAbt"]
[BlackTeam "SC Sottrum"]

1. e4 c5 2. Nf3 Nc6 3. Bb5 d6 4. Nc3 e5 5. h3 Bd7 6. O-O a6 7. Bc4 Be7 8. d3
Nf6 9. Bd2 b5 10. Bd5 Rb8 11. a3 O-O 12. Re1 Qb6 13. Bxc6 Bxc6 14. Be3 Qb7 15.
Bg5 Rfe8 16. Bxf6 Bxf6 17. Nh2 Bg5 18. Nf3 Bd8 19. b4 cxb4 20. axb4 Bb6 21. Ra3
Ra8 22. Qa1 Qa7 23. Rf1 Qb7 24. Qa2 Ra7 25. Nd5 Bxd5 26. Qxd5 Qc7 27. Qb3 Rc8
28. Rfa1 Rca8 29. Qc3 Qd7 30. Qb3 Kf8 31. c4 bxc4 32. dxc4 h6 33. Nd2 Ke7 34.
Kf1 Bd4 35. R1a2 Qb7 36. Nf3 Bb6 37. Ke2 f5 38. exf5 Qe4+ 39. Kf1 Qxf5 40. b5
a5 41. Qd3 Qxd3+ 42. Rxd3 e4 43. Re2 e3 44. fxe3 a4 45. Red2 Bc5 46. Nd4 Rf8+
47. Ke2 Kf6 48. Nc6 Raf7 49. Nd4 Kg6 50. Nf3 a3 51. Rd5 Kh7 52. Nd4 Rf2+ 53.
Kd3 Rxd2+ 54. Kxd2 Bxd4 55. Rxd4 a2 0-1

[Event "St. Pauli Open - B"]
[Site "Hamburg"]
[Date "2011.07.11"]
[Round "3.45"]
[White "Killgus, Leonard"]
[Black "Rulfs, Ernst-August"]
[Result "0-1"]
[WhiteElo "1215"]
[BlackElo "1774"]
[PlyCount "92"]
[EventDate "2011.??.??"]
[WhiteTeam "SKJE"]
[BlackTeam "SK Marmstorf"]

1. e4 e6 2. d4 d5 3. Nd2 c5 4. exd5 exd5 5. Ngf3 Nc6 6. Bb5 Nf6 7. O-O Be7 8.
Bxc6+ bxc6 9. Re1 Be6 10. Ng5 Bg4 11. f3 Bh5 12. dxc5 O-O 13. Nb3 Nd7 14. h4
Nxc5 15. g4 Bg6 16. Be3 Ne6 17. Nxe6 fxe6 18. g5 Qc7 19. Kg2 Rf7 20. Nd2 Raf8
21. Rf1 Bd6 22. Qe2 Bg3 23. Rh1 Bh5 24. Raf1 Bd6 25. Rh3 e5 26. Qd3 Bg6 27. Qb3
e4 28. c4 exf3+ 29. Kf2 Bh5 30. cxd5 Bg4 31. Rfh1 Bxh3 32. Rxh3 Qd7 33. Rxf3
Rxf3+ 34. Nxf3 Qg4 35. dxc6+ Kh8 36. Bxa7 Qg3+ 37. Ke2 Qg2+ 38. Kd1 Rxf3 39.
Qxf3 Qxf3+ 40. Kc2 Qxc6+ 41. Kd2 Bf4+ 42. Be3 Qd5+ 43. Kc3 Bxe3 44. b3 Qd4+ 45.
Kc2 Qd2+ 46. Kb1 Qc1# 0-1

[Event "St. Pauli Open - B"]
[Site "Hamburg"]
[Date "2011.07.11"]
[Round "3.46"]
[White "Floren, Dieter"]
[Black "Lingstädt, Nils"]
[Result "0-1"]
[WhiteElo "1480"]
[BlackElo "1134"]
[PlyCount "81"]
[EventDate "2011.??.??"]
[WhiteTeam "Hamburger SK von 1830 eV"]
[BlackTeam "Hamburger SK von 1830 eV"]

1. e4 e5 2. Nf3 Nc6 3. Bc4 Bc5 4. b4 d5 5. exd5 Nxb4 6. c3 Nxd5 7. Qb3 Ngf6 8.
d4 exd4 9. cxd4 Qe7+ 10. Kf1 Bxd4 11. Nxd4 c6 12. Nc3 Qe5 13. Nxd5 Nxd5 14. Bb2
O-O 15. Re1 Qd6 16. Ba3 Nb4 17. Qxb4 Qxb4 18. Bxb4 Rd8 19. Nf3 b5 20. Bb3 a5
21. Bc5 a4 22. Bxf7+ Kxf7 23. Ne5+ Kg8 24. Nxc6 Rd2 25. Re8+ Kf7 26. Rf8+ Ke6
27. Re8+ Kf7 28. Re7+ Kf6 29. Ke1 Rc2 30. Bd4+ Kg5 31. h4+ Kf4 32. g3+ Kf3 33.
Re3+ Kg2 34. Kd1 Rxc6 35. Ree1 Bf5 36. Reg1+ Kf3 37. Re1 Rd8 38. Re3+ Kg2 39.
Rg1+ Kxg1 40. Re1+ Kg2 41. f3 0-1

[Event "St. Pauli Open - B"]
[Site "Hamburg"]
[Date "2011.07.11"]
[Round "3.47"]
[White "Giede, Anna-Blume"]
[Black "Werwitzke, Jasper"]
[Result "0-1"]
[WhiteElo "1037"]
[BlackElo "1460"]
[PlyCount "125"]
[EventDate "2011.??.??"]
[WhiteTeam "Lübecker SV von 1873"]
[BlackTeam "Elmshorner SC von 1896"]

1. e4 e6 2. d4 d5 3. Nd2 Bb4 4. c3 Ba5 5. Ne2 Nf6 6. e5 Nfd7 7. f4 Nc6 8. Nf3
f6 9. exf6 Nxf6 10. Ng3 Ne7 11. Be2 Ng6 12. O-O O-O 13. a4 c6 14. Re1 Bc7 15.
Ne5 Nxe5 16. dxe5 Nd7 17. Bd2 Nb6 18. Bd3 Qh4 19. Kh1 Bd7 20. Rf1 g5 21. fxg5
Bxe5 22. Rf3 Rxf3 23. Qxf3 Rf8 24. Qe3 Bf4 25. Qe1 Qxg5 26. Bxf4 Qxf4 27. Ne2
Qf2 28. Qxf2 Rxf2 29. Kg1 Rf6 30. a5 Nc8 31. b4 a6 32. h3 e5 33. Re1 e4 34. Bc2
Nd6 35. Bb3 Kg7 36. Ng3 Rg6 37. Kh2 Nf5 38. Nxf5+ Bxf5 39. g4 Be6 40. Re2 Rf6
41. Kg2 Kf7 42. Bd1 Ke7 43. Rd2 h6 44. Kh2 Kd6 45. h4 Ke5 46. Kg3 Rg6 47. h5
Rg5 48. Rf2 Rg8 49. Rf1 Rh8 50. Kh4 Rg8 51. Rf2 e3 52. Rf1 Rh8 53. Be2 d4 54.
cxd4+ Kxd4 55. Rf4+ Ke5 56. Rf1 Kd4 57. Rf4+ Kc3 58. Re4 Kd2 59. Bf3 Bd5 60.
Rd4+ Kc3 61. Rf4 Bxf3 62. Rxf3 Re8 63. Rf8 0-1

[Event "St. Pauli Open - B"]
[Site "Hamburg"]
[Date "2011.07.11"]
[Round "3.48"]
[White "Noakes, Günther"]
[Black "Malicki, Rudolfo"]
[Result "1/2-1/2"]
[WhiteElo "961"]
[BlackElo "1420"]
[PlyCount "37"]
[EventDate "2011.??.??"]
[WhiteTeam "Hamburger SK von 1830 eV"]
[BlackTeam "SAbt SV Lurup Hamb. 1923"]

1. Nf3 Nf6 2. c4 c5 3. d3 g6 4. b3 Bg7 5. Bb2 d6 6. e3 b5 7. Nbd2 bxc4 8. bxc4
O-O 9. Be2 Nc6 10. a3 a5 11. Bc3 a4 12. Rb1 Bd7 13. Qc2 Qc7 14. O-O Rfb8 15.
Rxb8+ Nxb8 16. Rb1 Nc6 17. Bd1 Ng4 18. h3 Bxc3 19. Qxc3 1/2-1/2

[Event "St. Pauli Open - B"]
[Site "Hamburg"]
[Date "2011.07.11"]
[Round "3.49"]
[White "Svane, Minna"]
[Black "Beifus, David"]
[Result "0-1"]
[WhiteElo "783"]
[BlackElo "1379"]
[PlyCount "68"]
[EventDate "2011.??.??"]
[WhiteTeam "Lübecker SV von 1873"]
[BlackTeam "SG Glinde"]

1. e4 e5 2. Nf3 Nc6 3. Bb5 d6 4. O-O Bd7 5. Nc3 a6 6. Bxc6 Bxc6 7. d3 Nf6 8.
Re1 Be7 9. Be3 Ng4 10. Nd5 Nxe3 11. Rxe3 Bxd5 12. exd5 f5 13. g3 Qd7 14. Qd2 g5
15. h4 f4 16. Re4 gxh4 17. Qb4 O-O-O 18. Kf1 hxg3 19. Ke2 gxf2 20. Rf1 Kb8 21.
Rxf2 c5 22. Qa5 Rc8 23. c4 Bd8 24. Qc3 h5 25. Nxe5 dxe5 26. Qxe5+ Bc7 27. Qf6
Qg4+ 28. Rf3 Qg2+ 29. Rf2 Qg4+ 30. Rf3 h4 31. d6 Ba5 32. Rexf4 Rce8+ 33. Kf1
Re1+ 34. Kf2 Qg1# 0-1

[Event "St. Pauli Open - B"]
[Site "Hamburg"]
[Date "2011.07.11"]
[Round "3.50"]
[White "Kibilka, Ulrich"]
[Black "Ryll, Alex"]
[Result "1-0"]
[WhiteElo "1268"]
[BlackElo "1052"]
[PlyCount "73"]
[EventDate "2011.??.??"]
[WhiteTeam "Hamburger SK von 1830 eV"]
[BlackTeam "SK Johanneum Eppendorf"]

1. Nf3 d5 2. d4 e6 3. Bg5 Nf6 4. Bxf6 Qxf6 5. e3 Nd7 6. Nbd2 Bd6 7. Bd3 O-O 8.
O-O c5 9. c3 b6 10. e4 dxe4 11. Nxe4 Qe7 12. Nxd6 Qxd6 13. Re1 Bb7 14. Re3 Rfe8
15. dxc5 bxc5 16. Bxh7+ Kxh7 17. Qxd6 Rad8 18. Qf4 Nf6 19. Qc7 Rd7 20. Qxc5
Red8 21. Qb4 Nd5 22. Qh4+ Kg8 23. Rd3 Rc7 24. Ng5 Nf6 25. Rh3 Kf8 26. Qh8+ Ng8
27. Nh7+ Ke7 28. Qxg7 Rdd7 29. Qg5+ f6 30. Qg7+ Kd6 31. Rd3+ Bd5 32. Qg3+ Kc6
33. c4 Rxh7 34. cxd5+ exd5 35. Rc1+ Kb7 36. Rxc7+ Rxc7 37. Rb3+ 1-0

[Event "St. Pauli Open - B"]
[Site "Hamburg"]
[Date "2011.07.11"]
[Round "3.52"]
[White "Queißer, Jens"]
[Black "Renn, Joachim"]
[Result "1/2-1/2"]
[WhiteElo "1191"]
[BlackElo "1029"]
[PlyCount "162"]
[EventDate "2011.??.??"]
[WhiteTeam "Hamburger SK von 1830 eV"]
[BlackTeam "FC ST.Pauli 1910 eV SAbt"]

1. e4 e6 2. d4 d5 3. Nc3 Bb4 4. e5 c5 5. a3 Bxc3+ 6. bxc3 Ne7 7. Nf3 Nbc6 8.
dxc5 Qa5 9. Bd2 Qxc5 10. Bd3 Ng6 11. Qe2 Nf4 12. Qd1 Nxd3+ 13. cxd3 Bd7 14. O-O
O-O-O 15. Re1 Rdf8 16. Qe2 f6 17. d4 Qe7 18. Reb1 Rhg8 19. c4 g5 20. Bb4 Nxb4
21. axb4 Kb8 22. exf6 Qxf6 23. c5 a6 24. Qe5+ Qxe5 25. Nxe5 Rg7 26. Nxd7+ Rxd7
27. Re1 Rf6 28. Rab1 Re7 29. Re5 h6 30. f3 Rf4 31. Rbe1 Rxd4 32. Rxe6 Rxe6 33.
Rxe6 Rxb4 34. Rxh6 Rc4 35. Rh5 Rxc5 36. Rxg5 Rc1+ 37. Kf2 d4 38. Ke2 b5 39. h4
b4 40. Rg4 Rc4 41. Kd3 b3 42. Kxc4 b2 43. Rxd4 b1=Q 44. g4 Qf1+ 45. Rd3 a5 46.
h5 a4 47. h6 Qc1+ 48. Rc3 Qxh6 49. Ra3 Qf4+ 50. Kb5 Kb7 51. Rxa4 Qxf3 52. Rb4
Qd5+ 53. Ka4+ Ka7 54. Ka3 Ka6 55. Ra4+ Kb5 56. Rb4+ Kc5 57. g5 Qd3+ 58. Ka4
Qa6+ 59. Kb3 Qa5 60. Rc4+ Kd5 61. g6 Qb6+ 62. Kc3 Qxg6 63. Rd4+ Ke5 64. Rc4
Qg3+ 65. Kb4 Kd5 66. Rc5+ Kd6 67. Kc4 Qf4+ 68. Kb5 Qf1+ 69. Kb4 Qf2 70. Rc3
Qb6+ 71. Kc4 Qc5+ 72. Kd3 Qd5+ 73. Kc2 Qe4+ 74. Rd3+ Kc5 75. Kc3 Qb4+ 76. Kc2
Kc4 77. Rd2 Qb3+ 78. Kc1 Qe3 79. Kd1 Kc3 80. Rc2+ Kd3 81. Rc3+ Kxc3 1/2-1/2

[Event "St. Pauli Open"]
[Site "Hamburg"]
[Date "2011.07.11"]
[Round "4.3"]
[White "Juergens, Bernhard"]
[Black "Rogozenco, Dorian"]
[Result "1/2-1/2"]
[WhiteElo "2117"]
[BlackElo "2557"]
[Annotator "Albers,Andreas"]
[PlyCount "44"]
[EventDate "2011.??.??"]
[WhiteTeam "Hamburger SK von 1830 eV"]
[BlackTeam "Hamburger SK von 1830 eV"]

1. e4 c5 2. Nc3 Nc6 3. Bb5 Nd4 4. Bc4 e6 5. Nge2 Nf6 6. O-O a6 7. d3 Qc7 8. f4
b5 9. Bb3 Nxb3 10. axb3 Bb7 11. Ng3 h5 12. e5 h4 13. Nge4 Nxe4 14. Nxe4 h3 15.
Be3 hxg2 16. Re1 d6 17. Qg4 dxe5 18. f5 exf5 19. Qxf5 Bc8 20. Qf3 f5 21. Ng5
Qb7 22. Qf2 Be7 {Rest folgt später.} 1/2-1/2

[Event "St. Pauli Open"]
[Site "Hamburg"]
[Date "2011.07.11"]
[Round "4.4"]
[White "Michna, Christian"]
[Black "Kopylov, Michael"]
[Result "1/2-1/2"]
[WhiteElo "2222"]
[BlackElo "2470"]
[PlyCount "34"]
[EventDate "2011.??.??"]
[WhiteTeam "SK Norderstedt von 1975"]
[BlackTeam "SK Norderstedt von 1975"]

1. e4 c5 2. c3 d6 3. d4 Nf6 4. Bd3 Nc6 5. Nf3 Bg4 6. d5 Bxf3 7. Qxf3 Ne5 8.
Bb5+ Ned7 9. O-O g6 10. Re1 Bg7 11. Qh3 O-O 12. Bh6 Qb6 13. Bxg7 Kxg7 14. Na3
Ne5 15. Rab1 Rfc8 16. Bf1 h5 17. Qe3 Qd8 1/2-1/2

[Event "St. Pauli Open"]
[Site "Hamburg"]
[Date "2011.07.11"]
[Round "4.5"]
[White "Jugelt, Tobias"]
[Black "Korba, Roman"]
[Result "1-0"]
[WhiteElo "2403"]
[BlackElo "2213"]
[PlyCount "85"]
[EventDate "2011.??.??"]
[WhiteTeam "Delmenhorster SK V 1931"]
[BlackTeam "SC Diogenes eV"]

1. d4 Nf6 2. c4 e6 3. g3 c5 4. Nf3 d5 5. Bg2 Nc6 6. O-O Be7 7. Nc3 O-O 8. cxd5
exd5 9. Bg5 Be6 10. dxc5 Bxc5 11. Rc1 Be7 12. Nd4 Rc8 13. Nxe6 fxe6 14. Qa4 Qe8
15. e4 d4 16. Nb5 Qd7 17. Rfd1 Rcd8 18. e5 Ng4 19. Bxe7 Qxe7 20. Rd2 Ngxe5 21.
Nxd4 Nxd4 22. Rxd4 b5 23. Qd1 Nc4 24. b3 Nb6 25. Qd3 Rxd4 26. Qxd4 Rd8 27. Qe5
b4 28. Bh3 Rd6 29. Re1 Kf7 30. Qf4+ Kg8 31. Qxb4 Nd5 32. Qe4 Nc3 33. Bxe6+ Kh8
34. Qxh7+ Kxh7 35. Bf5+ g6 36. Rxe7+ Kh6 37. Re6 Rxe6 38. Bxe6 Nxa2 39. h4 a5
40. Kg2 Nc3 41. Bd7 Kg7 42. f4 Kf6 43. Kf3 1-0

[Event "St. Pauli Open"]
[Site "Hamburg"]
[Date "2011.07.11"]
[Round "4.6"]
[White "Hebbinghaus, Holger"]
[Black "Petrosyan, Suren"]
[Result "1-0"]
[WhiteElo "2189"]
[BlackElo "2392"]
[PlyCount "105"]
[EventDate "2011.??.??"]
[WhiteTeam "SK Marmstorf GW Harburg"]
[BlackTeam "SK Norderstedt von 1975"]

1. d4 c5 2. d5 g6 3. e4 Bg7 4. Nf3 d6 5. Nc3 Nf6 6. Bb5+ Bd7 7. a4 O-O 8. O-O
Na6 9. Re1 Nc7 10. Bc4 Bg4 11. h3 Bxf3 12. Qxf3 Nd7 13. Qg3 a6 14. Bd2 Rb8 15.
a5 b5 16. axb6 Nxb6 17. Bxa6 Nxa6 18. Rxa6 Nc4 19. Bc1 Nxb2 20. f4 Bd4+ 21. Kh1
Qd7 22. Ne2 Bg7 23. Bd2 Ra8 24. Rxa8 Rxa8 25. Qb3 Qa4 26. Qb7 Qa7 27. Qxa7 Rxa7
28. Rb1 h5 29. Bc3 Bxc3 30. Nxc3 Nc4 31. e5 Ra3 32. exd6 Nxd6 33. Rb3 Ra1+ 34.
Rb1 Rxb1+ 35. Nxb1 Ne4 36. Kg1 Kg7 37. Kf1 Kf6 38. Ke2 Kf5 39. Kf3 h4 40. c4 f6
41. Ke3 g5 42. fxg5 fxg5 43. Kf3 Ke5 44. Ke3 Nd6 45. Nd2 Nf5+ 46. Kd3 Kf4 47.
Ne4 Ne3 48. Nxc5 Nxg2 49. Ne6+ Kg3 50. Nxg5 Nf4+ 51. Ke4 Nxh3 52. Nxh3 Kxh3 53.
Kf3 1-0

[Event "St. Pauli Open"]
[Site "Hamburg"]
[Date "2011.07.11"]
[Round "4.8"]
[White "Rossen, Claus"]
[Black "Nedic, Dusan"]
[Result "0-1"]
[WhiteElo "2144"]
[BlackElo "2268"]
[PlyCount "76"]
[EventDate "2011.??.??"]
[BlackTeam "Schachfreunde Hamburg"]

1. d4 Nf6 2. c4 e6 3. Nc3 c5 4. Nf3 cxd4 5. Nxd4 Bb4 6. Ndb5 d5 7. cxd5 exd5 8.
a3 Bxc3+ 9. bxc3 a6 10. Nd4 Ne4 11. Qb3 O-O 12. g3 Nc6 13. Bg2 Na5 14. Qb4 Bd7
15. f3 Nf6 16. Bg5 Nc6 17. Qxb7 Nxd4 18. cxd4 Bb5 19. O-O Rb8 20. Qa7 Re8 21.
Rf2 Bc4 22. Bf4 Rb2 23. Be5 Re7 24. Qc5 Rb5 25. Qd6 Nd7 26. e4 Rxe5 27. dxe5
Rb6 28. Rd1 Rxd6 29. exd6 dxe4 30. fxe4 Ne5 31. h3 f6 32. Bf1 Qd7 33. Bxc4+
Nxc4 34. Kh2 Ne5 35. Kg2 Qa4 36. Rdd2 Qxe4+ 37. Kh2 Qc6 38. Rf4 Kf7 0-1

[Event "St. Pauli Open"]
[Site "Hamburg"]
[Date "2011.07.11"]
[Round "4.9"]
[White "Schroeder, Christoph"]
[Black "Andersen, Jens Knud"]
[Result "1/2-1/2"]
[WhiteElo "2247"]
[BlackElo "2186"]
[PlyCount "46"]
[EventDate "2011.??.??"]
[WhiteTeam "SK Johanneum Eppendorf"]
[BlackTeam "SK Mering"]

1. e4 e5 2. Nf3 Nf6 3. Nc3 Nc6 4. d4 exd4 5. Nd5 Be7 6. Bc4 d6 7. Nxd4 Nxd5 8.
Bxd5 Nxd4 9. Qxd4 Bf6 10. Qd3 O-O 11. O-O Be6 12. Bxe6 fxe6 13. Qb3 Qd7 14.
Qxb7 Rfb8 15. Qa6 Bxb2 16. Rb1 Bd4 17. Bd2 e5 18. Rb3 Rxb3 19. axb3 Rf8 20. Qe2
Qc6 21. c3 Bb6 22. c4 a5 23. g3 a4 1/2-1/2

[Event "St. Pauli Open"]
[Site "Hamburg"]
[Date "2011.07.11"]
[Round "4.11"]
[White "Luther, Thomas"]
[Black "Wittenberg, Andreas"]
[Result "1-0"]
[WhiteElo "2515"]
[BlackElo "2166"]
[PlyCount "89"]
[EventDate "2011.??.??"]
[WhiteTeam "SV Empor Erfurt"]
[BlackTeam "Schachverein Mülheim-Nord 1931 e"]

1. e4 e6 2. d4 d5 3. Nc3 Nc6 4. Nf3 Nf6 5. Bd3 Nb4 6. Bg5 Be7 7. e5 Nd7 8. Bxe7
Qxe7 9. O-O Nxd3 10. cxd3 a6 11. Rc1 b6 12. Na4 Ra7 13. Rc3 O-O 14. Qc2 c5 15.
a3 Rc7 16. dxc5 bxc5 17. b4 c4 18. dxc4 dxc4 19. Rxc4 Rxc4 20. Qxc4 Bb7 21. Re1
Rc8 22. Qd3 h6 23. h3 Rc7 24. Qd6 Qxd6 25. exd6 Rc2 26. Ne5 Nxe5 27. Rxe5 Rd2
28. Nc5 Bc8 29. d7 Bxd7 30. Nxa6 Rd1+ 31. Kh2 Ra1 32. Ra5 Bc6 33. b5 Bxb5 34.
Rxb5 Rxa3 35. Nc5 g6 36. Rb7 Ra5 37. Ne4 Rf5 38. f3 Kg7 39. Kg3 g5 40. Nd6 Rf4
41. Kf2 Kg6 42. g3 Rf6 43. Ke3 e5 44. Nc4 Kh5 45. Rb6 1-0

[Event "St. Pauli Open"]
[Site "Hamburg"]
[Date "2011.07.11"]
[Round "4.12"]
[White "Meertens, Martin"]
[Black "Michna, Marta"]
[Result "0-1"]
[WhiteElo "2158"]
[BlackElo "2397"]
[PlyCount "96"]
[EventDate "2011.??.??"]
[WhiteTeam "Klub Kölner Schachfreunde e.V. 1"]
[BlackTeam "SK Norderstedt von 1975"]

1. e4 e6 2. d4 d5 3. exd5 exd5 4. Nf3 Nc6 5. c3 Bd6 6. Bd3 Nge7 7. Bg5 Bg4 8.
Nbd2 Qd7 9. O-O f6 10. Bh4 g5 11. Bg3 h5 12. Re1 h4 13. Bxd6 Qxd6 14. Bg6+ Kf8
15. Bd3 Bh5 16. Be2 Bf7 17. Nf1 Ng6 18. N3d2 Nf4 19. Ne3 Ne7 20. c4 Nxe2+ 21.
Qxe2 Re8 22. Qd3 h3 23. g3 dxc4 24. Ndxc4 Qa6 25. Rac1 Kg7 26. b3 Bg6 27. Qc3
Rd8 28. Nb2 Rd7 29. Nbc4 b6 30. Nb2 Qb7 31. Qc4 Qe4 32. Rcd1 Rhd8 33. Qf1 Qf3
34. Qe2 Qxe2 35. Rxe2 Rxd4 36. Rxd4 Rxd4 37. f3 Nc6 38. Kf2 Ne5 39. Nc2 Rd7 40.
g4 c5 41. Kg3 b5 42. Ne3 Rd4 43. Kxh3 Nxf3 44. Kg3 Ne5 45. Nbd1 a6 46. h3 Nd3
47. Nc2 Rd7 48. Re6 Nf4 0-1

[Event "St. Pauli Open"]
[Site "Hamburg"]
[Date "2011.07.11"]
[Round "4.14"]
[White "Hochgräfe, Dr. Markus"]
[Black "Borgmeyer, Max"]
[Result "1-0"]
[WhiteElo "2356"]
[BlackElo "2140"]
[PlyCount "73"]
[EventDate "2011.??.??"]
[WhiteTeam "SC Diogenes eV"]
[BlackTeam "Koenigsspr.SC.1984 e.V."]

1. Nf3 Nf6 2. c4 e6 3. Nc3 Bb4 4. Qc2 Nc6 5. a3 Bxc3 6. Qxc3 O-O 7. b4 d6 8. d4
Ne4 9. Qc2 f5 10. e3 Ne7 11. Bd3 Nf6 12. Bb2 b6 13. O-O Bb7 14. d5 exd5 15. Nd4
dxc4 16. Bxc4+ d5 17. Bd3 Qd7 18. Rac1 Rac8 19. Nxf5 Ng6 20. b5 c5 21. bxc6
Rxc6 22. Qb3 Rxc1 23. Rxc1 Ng4 24. f3 N4e5 25. Ng3 Qf7 26. Be2 Bc8 27. Qc3 Be6
28. Nh5 Rc8 29. Qd4 Rxc1+ 30. Bxc1 Qf5 31. f4 Qc2 32. Qb2 Qxb2 33. Bxb2 Nc4 34.
Nxg7 Bd7 35. Bxc4 dxc4 36. Nh5 Kf7 37. Nf6 1-0

[Event "St. Pauli Open"]
[Site "Hamburg"]
[Date "2011.07.11"]
[Round "4.16"]
[White "Zacharias, Christian"]
[Black "Faika, Michael"]
[Result "1-0"]
[WhiteElo "2256"]
[BlackElo "2117"]
[PlyCount "103"]
[EventDate "2011.??.??"]
[WhiteTeam "SV Diag.Harburg 1926 eV"]
[BlackTeam "Hamburger SK von 1830 eV"]

1. e4 e5 2. Nf3 Nc6 3. d4 exd4 4. Nxd4 Nf6 5. Nxc6 bxc6 6. e5 Qe7 7. Qe2 Nd5 8.
c4 Ba6 9. g3 g6 10. b3 Bg7 11. Bb2 d6 12. Bg2 O-O 13. O-O dxe5 14. Qd2 Nb6 15.
Qa5 Bxc4 16. bxc4 Nxc4 17. Qc3 Qe6 18. Rc1 Nxb2 19. Qxb2 e4 20. Nc3 Rab8 21.
Qe2 f5 22. Rc2 Rb4 23. Rd1 Rc4 24. Nb1 Rd4 25. Rxd4 Bxd4 26. Nd2 Rd8 27. Qc4
Bxf2+ 28. Kf1 Qxc4+ 29. Nxc4 Bd4 30. Na5 c5 31. Nc6 Rd6 32. Nxa7 Rb6 33. Ke2 c4
34. a4 Rb2 35. Rxb2 Bxb2 36. Nc6 Ba3 37. a5 Bc5 38. a6 Kf7 39. a7 Bxa7 40. Nxa7
Ke6 41. Kd2 Kd5 42. Nb5 c6 43. Nc3+ Kd4 44. Ne2+ Ke5 45. Kc3 g5 46. Kxc4 f4 47.
Nc3 f3 48. Bh1 h5 49. Nd1 h4 50. Ne3 h3 51. Kc5 f2 52. Kc4 1-0

[Event "St. Pauli Open"]
[Site "Hamburg"]
[Date "2011.07.11"]
[Round "4.18"]
[White "Henrich, Holger"]
[Black "Johannsen, Dennis"]
[Result "1-0"]
[WhiteElo "2242"]
[BlackElo "2083"]
[PlyCount "70"]
[EventDate "2011.??.??"]
[WhiteTeam "SK Union Eimsbuettel eV"]
[BlackTeam "SK Johanneum Eppendorf"]

1. d4 Nf6 2. c4 g6 3. Nc3 d5 4. Bg5 Ne4 5. Bf4 Nxc3 6. bxc3 Bg7 7. e3 c6 8.
cxd5 Qa5 9. Qb3 cxd5 10. Nf3 Nc6 11. Be2 O-O 12. O-O b6 13. a4 Re8 14. Bb5 Bb7
15. Qxd5 a6 16. Bc4 e6 17. Qxa5 Nxa5 18. Be2 Rac8 19. Rfb1 Rxc3 20. Rxb6 Rec8
21. h3 R3c6 22. Rab1 Rxb6 23. Rxb6 Rc6 24. Rb2 f6 25. e4 Bc8 26. d5 exd5 27.
exd5 Rc5 28. Bd2 f5 29. Rb8 Nc4 30. Bb4 Rc7 31. d6 Nxd6 32. Bxd6 Rc1+ 33. Kh2
Kf7 34. Rb6 a5 35. Ng5+ Kg8 1-0

[Event "St. Pauli Open"]
[Site "Hamburg"]
[Date "2011.07.11"]
[Round "4.19"]
[White "Buchholz, Robert"]
[Black "Zart, Ruediger"]
[Result "0-1"]
[WhiteElo "2048"]
[BlackElo "2179"]
[PlyCount "78"]
[EventDate "2011.??.??"]
[WhiteTeam "Baubehörde"]
[BlackTeam "SK Johanneum Eppendorf"]

1. d4 d5 2. c4 c6 3. Nc3 Nf6 4. Nf3 e6 5. Bg5 h6 6. Bxf6 Qxf6 7. e3 Nd7 8. a3
g6 9. b4 Bg7 10. Rc1 O-O 11. b5 dxc4 12. Bxc4 cxb5 13. Bxb5 a6 14. Be2 b5 15.
Ne4 Qe7 16. Nc5 Nxc5 17. Rxc5 Bb7 18. O-O Rfc8 19. Qc2 Rxc5 20. dxc5 Rc8 21.
Rc1 Bf8 22. a4 b4 23. Nd4 Rxc5 24. Qxc5 Qxc5 25. Rxc5 Bxc5 26. Nb3 Bb6 27. a5
Ba7 28. Bc4 Kf8 29. Kf1 Ke7 30. g3 Kd6 31. Ke2 f5 32. Kd3 g5 33. f4 Be4+ 34.
Ke2 Bd5 35. Kd3 Bxc4+ 36. Kxc4 Bxe3 37. fxg5 hxg5 38. Kxb4 Kd5 39. Kc3 g4 0-1

[Event "St. Pauli Open"]
[Site "Hamburg"]
[Date "2011.07.11"]
[Round "4.20"]
[White "Manthey, Jürgen"]
[Black "Schmidt-Brauns, Dr. Joachim"]
[Result "0-1"]
[WhiteElo "1830"]
[BlackElo "2174"]
[PlyCount "76"]
[EventDate "2011.??.??"]
[WhiteTeam "SC Wrist-Kellinghusen von 1979"]
[BlackTeam "SC Wolfsburg"]

1. c4 c5 2. Nc3 Nc6 3. g3 g6 4. Bg2 Bg7 5. Nf3 e6 6. O-O Nge7 7. d3 O-O 8. a3
d5 9. cxd5 exd5 10. Rb1 b6 11. Bf4 h6 12. h4 Be6 13. Qc1 Kh7 14. Nb5 Rc8 15.
Nd6 Rc7 16. Nb5 Rd7 17. b4 c4 18. dxc4 dxc4 19. Nc3 Qc8 20. Re1 Nf5 21. e4 Nfd4
22. Nxd4 Nxd4 23. e5 Rfd8 24. Ne4 Nb3 25. Qc2 Bf5 26. Rbd1 Rd3 27. Rxd3 Rxd3
28. Qa2 Qe6 29. Kh2 Kh8 30. Qb2 Nd4 31. Rc1 Bxe5 32. Nc3 Bg7 33. Bd5 Qxd5 34.
Nxd5 Nf3+ 35. Kh1 Bxb2 36. Rxc4 Rd1+ 37. Kg2 Bg4 38. Ne3 Rg1# 0-1

[Event "St. Pauli Open"]
[Site "Hamburg"]
[Date "2011.07.11"]
[Round "4.23"]
[White "Nachtkamp, Herbert"]
[Black "Wronn, Bernd"]
[Result "0-1"]
[WhiteElo "2068"]
[BlackElo "2196"]
[PlyCount "52"]
[EventDate "2011.??.??"]
[WhiteTeam "SK Norderstedt von 1975"]
[BlackTeam "FC ST.Pauli 1910 eV SAbt"]

1. d4 d5 2. Nf3 Nf6 3. e3 Bg4 4. h3 Bh5 5. g4 Bg6 6. Ne5 Nfd7 7. Nxg6 hxg6 8.
c4 c6 9. Nc3 e6 10. Qb3 Qb6 11. c5 Qc7 12. Bd2 Be7 13. Bg2 f5 14. O-O-O b6 15.
cxb6 axb6 16. Kb1 Na6 17. Ne2 Kf7 18. f3 Rhb8 19. e4 Qa7 20. gxf5 gxf5 21. exf5
exf5 22. Ng3 Nac5 23. Qa3 Qc7 24. Qe3 Qxg3 25. dxc5 Bxc5 26. Qd3 Qxg2 0-1